Online
Catalog

Los dominios de la plata : (Record no. 24059)

MARC details
000 -CABECERA
campo de control de longitud fija 01272nam a2200325 a 4500
001 - NÚMERO DE CONTROL
campo de control 000024566
005 - FECHA Y HORA DE LA ÚLTIMA TRANSACCIÓN
campo de control 20210408121938.0
008 - DATOS DE LONGITUD FIJA--INFORMACIÓN GENERAL
campo de control de longitud fija 110131s1991 sp ab r 000 | spa d
020 ## - NÚMERO INTERNACIONAL ESTÁNDAR DEL LIBRO
Número Internacional Estándar del Libro 9682934907
040 ## - FUENTE DE LA CATALOGACIÓN
Centro catalogador/agencia de origen DO-SdBNP
Lengua de catalogación spa
Centro/agencia transcriptor BNPHU
082 ## - NÚMERO DE LA CLASIFICACIÓN DECIMAL DEWEY
Número de clasificación 622.2
Número de documento/Ítem C962d
049 ## - FONDOS LOCALES (OCLC)
Fondos de biblioteca BNGR
100 1# - ENTRADA PRINCIPAL--NOMBRE DE PERSONA
Nombre de persona Cubillo Moreno, Gilda
9 (RLIN) 50368
240 10 - TÍTULO UNIFORME
Título uniforme Essence of security.
Lenguaje de la obra Español
245 14 - MENCIÓN DE TÍTULO
Título Los dominios de la plata :
Resto del título el precio del auge, el peso del poder, empresarios y trabajadores en las minas de Pachuca y Zimapán, 1552-1620 /
Mención de responsabilidad, etc. Gilda Cubillo Moreno; edición Antonio Guzmán, Lourdes Martínez O.
260 ## - PUBLICACIÓN, DISTRIBUCIÓN, ETC.
Lugar de publicación, distribución, etc. México, D.F. :
Nombre del editor, distribuidor, etc. Instituto Nacional de Antropología e Historia,
Fecha de publicación, distribución, etc. 1991.
300 ## - DESCRIPCIÓN FÍSICA
Extensión 355 p. :
Otras características físicas il., maps ;
Dimensiones 20 cm.
490 1# - MENCIÓN DE SERIE
Mención de serie Historia
490 1# - MENCIÓN DE SERIE
Mención de serie Divulgación
500 ## - NOTA GENERAL
Nota general Incluye notas al pie de páginas
500 ## - NOTA GENERAL
Nota general Incluye glosario de términos
504 ## - NOTA DE BIBLIOGRAFÍA, ETC.
Nota de bibliografía, etc. Incluye referencias bibliográficas : p. 337-355
650 #4 - PUNTO DE ACCESO ADICIONAL DE MATERIA--TÉRMINO DE MATERIA
Término de materia o nombre geográfico como elemento de entrada Ingeniería de minas
9 (RLIN) 50369
650 #4 - PUNTO DE ACCESO ADICIONAL DE MATERIA--TÉRMINO DE MATERIA
Término de materia o nombre geográfico como elemento de entrada Excavaciones subterraneas
9 (RLIN) 50370
650 #4 - PUNTO DE ACCESO ADICIONAL DE MATERIA--TÉRMINO DE MATERIA
Término de materia o nombre geográfico como elemento de entrada Minas
Subdivisión general Explotación
9 (RLIN) 50371
700 1# - PUNTO DE ACCESO ADICIONAL--NOMBRE DE PERSONA
Nombre de persona Guzmán Fernández, Silvestre Antonio,
Fechas asociadas al nombre 1911-1982
Término indicativo de función/relación ed.
9 (RLIN) 17126
700 1# - PUNTO DE ACCESO ADICIONAL--NOMBRE DE PERSONA
Nombre de persona Martínez O., Lourdes
Término indicativo de función/relación ed.
9 (RLIN) 50372
830 #0 - PUNTO DE ACCESO ADICIONAL DE SERIE-TÍTULO UNIFORME
Título uniforme Historia
9 (RLIN) 2122
830 #0 - PUNTO DE ACCESO ADICIONAL DE SERIE-TÍTULO UNIFORME
Título uniforme Divulgación
9 (RLIN) 48040
Holdings
Estado de retiro Estado de pérdida Restricciones de uso No para préstamo Código de colección Localización permanente Ubicación/localización actual Ubicación en estantería Fecha de adquisición Número de inventario Total de préstamos Signatura topográfica completa Código de barras Fecha visto por última vez Precio válido a partir de Tipo de ítem Koha
        Monografías: Libros y Folletos General General En catalogación 31.01.2011 LF1   622.2 C962d 24566-10 25.06.2020 25.06.2020 Préstamo en sala

Powered by Koha